000 00635nam a2200181 i 4500
001 99452
003 ES-MaACL
007 t|
008 050912s1916 sp ||||1| spa d
100 1 _aMartínez, Graciano.
_977747
245 1 0 _aHacia una España genuina
_b: (Por entre la psicología nacional) /
_cpor el P. Graciano Martínez, Agustino.
260 _aMadrid :
_b[s.n.],
_c1916 (
_eImp. del Asilo de Huérfanos del S. C. de Jesús)
300 _aXVI, 291 p. ;
_c23 cm.
490 1 _aBiblioteca de España y América
830 0 _aBiblioteca de España y América
_9232397
852 _aES-MaACL
_jG-3037
999 _c99452
_d99452